CRONICA DEL SIGLO XX (Registro nro. 7537)
[ vista simple ]
| 000 -LEADER | |
|---|---|
| fixed length control field | 00387nam a2200157 a 4500 |
| 001 - CONTROL NUMBER | |
| control field | 7537 |
| 005 - DATE AND TIME OF LATEST TRANSACTION | |
| control field | 20180713191431.0 |
| 008 - FIXED-LENGTH DATA ELEMENTS--GENERAL INFORMATION | |
| fixed length control field | 140415s1990 sp 000 0 spa d |
| 041 ## - LANGUAGE CODE | |
| Language code of text/sound track or separate title | spa |
| 082 ## - DEWEY DECIMAL CLASSIFICATION NUMBER | |
| Classification number | 036.106 |
| Item number | CRO |
| 245 00 - TITLE STATEMENT | |
| Title | CRONICA DEL SIGLO XX |
| 250 ## - EDITION STATEMENT | |
| Edition statement | 1a ed. |
| 260 ## - PUBLICATION, DISTRIBUTION, ETC. | |
| Place of publication, distribution, etc. | ESPAÑA : |
| Name of publisher, distributor, etc. | PLAZA AND JAMES, |
| Date of publication, distribution, etc. | 1990 |
| 300 ## - PHYSICAL DESCRIPTION | |
| Extent | 5 |
| 650 14 - SUBJECT ADDED ENTRY--TOPICAL TERM | |
| Topical term or geographic name entry element | CRONOLOGIA HISTORIA |
| Withdrawn status | Lost status | Source of classification or shelving scheme | Damaged status | Not for loan | Collection code | Home library | Current library | Shelving location | Date acquired | Source of acquisition | Inventory number | Total Checkouts | Full call number | Barcode | Date last seen | Price effective from | Koha item type |
|---|---|---|---|---|---|---|---|---|---|---|---|---|---|---|---|---|---|
| Dewey Decimal Classification | Referencia | Biblioteca Karol Wojtyla | Biblioteca Karol Wojtyla | Área de silencio | 03/12/2013 | Compra | 151000000000000000066297 | '036.106 CRO | 20556 | 05/01/2026 | 03/12/2013 | Libro R | |||||
| No inventariado | Dewey Decimal Classification | Biblioteca Karol Wojtyla | Biblioteca Karol Wojtyla | 03/12/2013 | Compra | '036.106 CRO | 20557 | 03/12/2013 | Libro | ||||||||
| Dewey Decimal Classification | Referencia | Biblioteca Karol Wojtyla | Biblioteca Karol Wojtyla | Área de silencio | 03/12/2013 | Compra | 151000000000000000066298 | '036.106 CRO | 20555 | 05/01/2026 | 03/12/2013 | Libro R |